|
|
|
|
| LEADER |
00000cam a2200000 7i4500 |
| 001 |
0000009145 |
| 005 |
20230327093000.0 |
| 008 |
021119n |
| 020 |
|
|
|a 0948549033
|
| 050 |
0 |
0 |
|a Z699
|
| 090 |
0 |
0 |
|a Z1006
|b .C6 1987
|
| 100 |
0 |
|
|a Collin, S. M. H. ,
|d 1966- ,
|e author
|
| 245 |
0 |
0 |
|a Dictionary of information technology
|c S. M. H. Collin
|
| 260 |
2 |
|
|a Middlesex :
|b Peter Collin ,
|c c1987
|
| 300 |
|
|
|a 232 p. ; ;
|c 20 cm.
|
| 650 |
|
0 |
|a Information storage and retrieval systems
|v Dictionaries
|
| 650 |
|
0 |
|a Information technology
|v Dictionaries
|
| 700 |
0 |
|
|a Collin, P. H. [
|q (Peter Hodgson)] ,
|e author
|
| 999 |
|
|
|a 1000048070
|b Book
|c Close Access
|e Gong Badak Campus
|